|
|
|
|
| LEADER |
01293nam a2200253 a 4500 |
| 001 |
GR-Patra29467 |
| 003 |
GR-PaULI |
| 005 |
20230426141823.0 |
| 008 |
090709s2001 gr a e b 001 0 gre d |
| 952 |
|
|
|0 0
|1 0
|2 ddc
|4 0
|6 617_719000000000000_059_8_ΕΥΚ
|7 0
|9 371213
|a LISP
|b LISP
|c BSC
|d 2023-04-26
|i 47495
|l 0
|o 617.719 059 8 ΕΥΚ
|p 025000301811
|r 2023-04-26 00:00:00
|t 1
|w 2023-04-26
|y BK15
|
| 999 |
|
|
|c 216542
|d 216542
|
| 020 |
|
|
|a 9608693403
|
| 040 |
|
|
|a GR-PaULI
|b gre
|c GR-PaULI
|e AACR2
|
| 082 |
0 |
4 |
|2 23
|a 617.719 059 8
|
| 100 |
1 |
|
|a Ευκαρπίδης, Χαράλαμπος Θ.
|9 197529
|e συγγραφέας.
|
| 245 |
1 |
0 |
|a Εγχειρίδιο PRK και LASIK /
|c Χαράλαμπου Θ. Ευκαρπίδη, Μιχάλη Π. Μαγουλά.
|
| 260 |
|
|
|a Αθήνα :
|b Αθηναϊκό Διαθλαστικό Κέντρο,
|c 2001.
|
| 300 |
|
|
|a 196 σ. :
|b εικ. ;
|c 24 εκ.
|
| 504 |
|
|
|a Περιλαμβάνει βιβλιογραφικές παραπομπές και ευρετήριο.
|
| 650 |
|
4 |
|a Κερατοειδής χιτών
|x Χειρουργική με λέιζερ.
|9 197531
|
| 650 |
|
4 |
|a LASIK (Χειρουργική οφθαλμού)
|9 197532
|
| 700 |
1 |
|
|9 197530
|a Μαγουλάς, Μιχάλης Π.
|e συγγραφέας.
|
| 942 |
|
|
|2 ddc
|c BK
|
| 998 |
|
|
|c ΜΠΟΥΡΑΣ
|d 2023-04
|